A pénzmosás és terrorizmus finanszírozása elleni küzdelem

Bibliográfiai részletek
Szerző: Szabó Erika
További közreműködők: Dombi Dr. Zsuzsa
Dokumentumtípus: Diplomadolgozat
Kulcsszavak:Küzdelem
Pénzmosás
Finanszírozás
Online Access:http://dolgozattar.uni-bge.hu/14499

MARC

LEADER 00000nta a2200000 i 4500
001 dolg14499
005 20171218082515.0
008 171218suuuu hu om 000 hun d
040 |a BGE Dolgozattár Repozitórium  |b hun 
041 |a hu 
100 1 |a Szabó Erika 
245 1 2 |a A pénzmosás és terrorizmus finanszírozása elleni küzdelem  |c Szabó Erika  |h [elektronikus dokumentum] 
246 1 1 |a A pénzmosás és terrorizmus finanszírozása elleni küzdelem 
246 1 1 |a Combating money laundering and terrorist financing 
695 |a Küzdelem 
695 |a Pénzmosás 
695 |a Finanszírozás 
700 1 |a Dombi Dr. Zsuzsa  |e ths 
856 4 0 |u http://dolgozattar.uni-bge.hu/14499/1/2017%20BGE%20Msc%20P%C3%A9nz%C3%BCgy%20Szakdolgozat%20-%20Szab%C3%B3%20Erika%20YPSSN3.pdf  |z Dokumentum-elérés